The need for planning permission: a guide for practitioners (Record no. 90069)

MARC details
000 -LEADER
fixed length control field 00666cam a2200229 4500
008 - FIXED-LENGTH DATA ELEMENTS--GENERAL INFORMATION
fixed length control field 090401t1982 xxu||||| |||| 00| 0 eng d
020 ## - INTERNATIONAL STANDARD BOOK NUMBER
International Standard Book Number 0854061681
022 ## - INTERNATIONAL STANDARD SERIAL NUMBER
International Standard Serial Number 0141-1462
035 ## - SYSTEM CONTROL NUMBER
System control number (Sirsi) u35208
041 ## - LANGUAGE CODE
Language code of text/sound track or separate title eng
050 ## - LIBRARY OF CONGRESS CALL NUMBER
Classification number 711.026
090 ## - LOCALLY ASSIGNED LC-TYPE CALL NUMBER (OCLC); LOCAL CALL NUMBER (RLIN)
Classification number (OCLC) (R) ; Classification number, CALL (RLIN) (NR) RICS 1982/41ABC
110 ## - MAIN ENTRY--CORPORATE NAME
Corporate name or jurisdiction name as entry element Royal Institution of Chartered Surveyors
Subordinate unit Planning and Development Division
9 (RLIN) 956
245 #4 - TITLE STATEMENT
Title The need for planning permission: a guide for practitioners
250 ## - EDITION STATEMENT
Edition statement 2nd
260 ## - PUBLICATION, DISTRIBUTION, ETC.
Place of publication, distribution, etc. London
Name of publisher, distributor, etc. Surveyors Publications
Date of publication, distribution, etc. 1982
300 ## - PHYSICAL DESCRIPTION
Extent 13p. 30cm
350 ## - PRICE (NR) (BK AM CF MU VM SE) [OBSOLETE]
Price 0
490 ## - SERIES STATEMENT
Series statement RICS Planning and Development Practice Note
Volume/sequential designation 2
942 ## - ADDED ENTRY ELEMENTS (KOHA)
Suppress in OPAC 0
948 ## - LOCAL PROCESSING INFORMATION (OCLC); SERIES PART DESIGNATOR (RLIN)
c (OCLC) 04/03/1997
Holdings
Withdrawn status Lost status Source of classification or shelving scheme Damaged status Not for loan Home library Current library Shelving location Date acquired Total Checkouts Full call number Barcode Date last seen Copy number Price effective from Koha item type
    Dewey Decimal Classification     Historic collection Historic collection RICS Boxes 08/10/1991   RICS 1982/41 30029402 06/08/2019 1 06/08/2019 Archive
    Dewey Decimal Classification     London London RICS Boxes 14/09/1999   RICS 1982/41 30006978 06/08/2019 1 06/08/2019 Reference material
    Dewey Decimal Classification     London London RICS Boxes 13/08/1991   RICS 1982/41 30006979 06/08/2019 3 06/08/2019 Book